| 000 | 00529nam a2200169 4500 | ||
|---|---|---|---|
| 008 | 01983 1984 0a 000 0MEX | ||
| 020 | _a968-41-0030-2 | ||
| 050 | _aTK7887.5 M626 | ||
| 082 | _a001.640.4 M440m | ||
| 100 | _aMompín Poblet, José | ||
| 245 | _aMicroprocesadores y Microcomputadores / José Mompín Poblet | ||
| 250 | _a2 | ||
| 260 | _aMéxico : Marcombo | ||
| 300 | _a181 p. / 27.5 cm. | ||
| 500 | _aIncluye bibliografía, índice. | ||
| 650 | _a1.MICROCOMPUTADORAS \ 2.MICROPROCESADORES(PROGRAMACIÓN) | ||
| 999 |
_c12126 _d12126 |
||